| 000 | 01319 a2200253 4500 | ||
|---|---|---|---|
| 001 | 36169 | ||
| 005 | 20260407155638.0 | ||
| 008 | 260407a1994 arg spa d | ||
| 003 | AR-UNSa-BCEJYS | ||
| 040 |
_aAR-UNSa-BCEJYS _bspa _cAR-UNSa-BCEJYS |
||
| 080 |
_a658.012.2 _xPlanificación. Programas. Planes. Medidas de apoyo a la planificación( Administración estratégica...) |
||
| 245 | 1 | 0 |
_aDirección y administración estratégicas _pconceptos, casos y lecturas |
| 020 | _a970-10-1693-9 | ||
| 264 | 1 |
_aMéxico : _bMcGraw-Hill _c1994 |
|
| 300 |
_axx, 1034 p. _c25 cm. |
||
| 505 | _a1. Proceso de dirección estratégica - 2. Las tareas para la formulación de la estrategia - 3. Análisis industrial y competitivo - 4. Análisis de la situación de la compañía - 5. Estrategia y ventaja competitiva - 6. Adaptación de la estrategia a la situación - 7. Estrategias de diversificación corporativa - 8. Técnicas para analizar a compañías diversificadas - 9. Implementación | ||
| 942 | _cBK | ||
| 590 | _aniveau_biblio:m niveau_hierar:0 | ||
| 100 | 1 | _aThompson, Arthur A. , Jr. | |
| 700 | 1 | _aStrickland, A.J., III | |
| 700 | 1 | _aIbarra Colado, Patricia | |
| 700 | 1 | _aSánchez Carrión, Miguel Angel | |
| 856 | 4 | 1 |
_uhttps://biblioeco.unsa.edu.ar/pmb/images/libros/L69900.jpg _yImagen de portada _qimage/jpeg |
| 999 |
_c2622 _d2622 |
||